<?xml version="1.0" encoding="UTF-8"?><?xml-stylesheet type="text/xsl" href="static/style.xsl"?><OAI-PMH xmlns="http://www.openarchives.org/OAI/2.0/" xmlns:xsi="http://www.w3.org/2001/XMLSchema-instance" xsi:schemaLocation="http://www.openarchives.org/OAI/2.0/ http://www.openarchives.org/OAI/2.0/OAI-PMH.xsd"><responseDate>2026-04-26T21:58:18Z</responseDate><request verb="GetRecord" identifier="oai:uvadoc.uva.es:10324/8196" metadataPrefix="marc">https://uvadoc.uva.es/oai/request</request><GetRecord><record><header><identifier>oai:uvadoc.uva.es:10324/8196</identifier><datestamp>2021-06-18T10:28:46Z</datestamp><setSpec>com_10324_38</setSpec><setSpec>col_10324_787</setSpec></header><metadata><record xmlns="http://www.loc.gov/MARC21/slim" xmlns:doc="http://www.lyncode.com/xoai" xmlns:xsi="http://www.w3.org/2001/XMLSchema-instance" xmlns:dcterms="http://purl.org/dc/terms/" xsi:schemaLocation="http://www.loc.gov/MARC21/slim http://www.loc.gov/standards/marcxml/schema/MARC21slim.xsd">
<leader>00925njm 22002777a 4500</leader>
<datafield tag="042" ind1=" " ind2=" ">
<subfield code="a">dc</subfield>
</datafield>
<datafield tag="720" ind1=" " ind2=" ">
<subfield code="a">Alonso Hidalgo, Diana</subfield>
<subfield code="e">author</subfield>
</datafield>
<datafield tag="260" ind1=" " ind2=" ">
<subfield code="c">2014</subfield>
</datafield>
<datafield tag="520" ind1=" " ind2=" ">
<subfield code="a">A lo largo de este trabajo se analizará, desde un punto de vista crítico, el papel de las&#xd;
microfinanzas en la actualidad, y concretamente el microcrédito. Dicha herramienta,&#xd;
surgiría de la mano de organizaciones sociales, con un firme objetivo de ayudar a las&#xd;
personas de las capas más pobres a mejorar sus condiciones de vida. Pero en la actualidad,&#xd;
la rentabilidad de las microfinanzas ha convertido a las personas con menos recursos en&#xd;
nicho de mercado atractivo, en el que cada vez son más las organizaciones que buscan en él&#xd;
nuevas oportunidades de negocio con las que incrementar sus beneficios, destacando la&#xd;
creciente presencia de los bancos comerciales. Dentro de la lógica del libre mercado, hoy en&#xd;
día, las microfinanzas representan el puente de acceso para el sector financiero hacia la base&#xd;
de la pirámide, en su objetivo de continuar expandiéndose. De esta manera, el fin social con&#xd;
el que surge el microcrédito, formará parte de la fuerte estrategia de responsabilidad social&#xd;
en la que se apoyará el sector financiero para justificar su negocio con las personas más&#xd;
vulnerables.</subfield>
</datafield>
<datafield tag="024" ind2=" " ind1="8">
<subfield code="a">http://uvadoc.uva.es/handle/10324/8196</subfield>
</datafield>
<datafield ind1=" " ind2=" " tag="653">
<subfield code="a">Microeconomía</subfield>
</datafield>
<datafield ind1=" " ind2=" " tag="653">
<subfield code="a">Finanzas</subfield>
</datafield>
<datafield tag="245" ind1="0" ind2="0">
<subfield code="a">Estudio crítico sobre el papel de las microfinanzas en el sistema económico actual</subfield>
</datafield>
</record></metadata></record></GetRecord></OAI-PMH>